| Tag |
First Indicator |
Second Indicator |
Subfields |
| LEADER |
00000cam a2200000 a 4500 |
| 001 |
in00000025785 |
| 005 |
20151007054455.0 |
| 008 |
870427s1987 ilu b 10100 eng |
| 010 |
|
|
|a 87010952
|
| 020 |
|
|
|a 0226422313
|
| 035 |
|
|
|a (OCoLC)15657127
|
| 035 |
|
|
|9 AAB5167AM
|
| 040 |
|
|
|a DLC
|c DLC
|d TXA
|d UtOrBLW
|
| 049 |
|
|
|a TXAM
|c [A11503678]
|
| 050 |
0 |
0 |
|a BF723.M54
|b E48 1987
|
| 082 |
0 |
|
|a 155.4/23
|2 19
|
| 245 |
0 |
4 |
|a The Emergence of morality in young children /
|c edited by Jerome Kagan and Sharon Lamb.
|
| 264 |
|
1 |
|a Chicago :
|b University of Chicago Press,
|c 1987.
|
| 300 |
|
|
|a xx, 354 pages ;
|c 24 cm.
|
| 336 |
|
|
|a text
|b txt
|2 rdacontent
|
| 337 |
|
|
|a unmediated
|b n
|2 rdamedia
|
| 338 |
|
|
|a volume
|b nc
|2 rdacarrier
|
| 500 |
|
|
|a Papers presented at a conference sponsored by the MacArthur Foundation's Health Sciences Program held at Harvard University in 1985.
|
| 504 |
|
|
|a Includes bibliographies and index.
|
| 505 |
0 |
|
|a Culture and moral development / Richard A. Shweder, Manamohan Mahapatra, and Joan G. Miller. Comment: the psychological definitions of morality / Augusto Blasi -- The beginnings of moral understanding / Judy Dunn. Comment: language and the beginnings of moral understanding / Catherine Snow -- Culture and the construction of moral values / Carolyn Pope Edwards. Comment: alternative approaches to moral socialization / Edward Mueller -- Morality: its structure, functions, and vagaries / Elliot Turiel, Melanie Killen, and Charles C. Helwig -- The do's and don'ts of early moral development / Robert Emde, William F. Johnson, and M. Ann Easterbrooks -- The origins of morality in early childhood relationships / Carol Gilligan and Grant Wiggins -- Particularity and responsiveness / Lawrence Blum.
|
| 650 |
|
0 |
|a Moral development
|x Congresses.
|
| 700 |
1 |
|
|a Kagan, Jerome.
|
| 700 |
1 |
|
|a Lamb, Sharon.
|
| 710 |
2 |
|
|a John D. and Catherine T. MacArthur Foundation.
|b Health Sciences Program.
|
| 999 |
|
|
|a MARS
|
| 999 |
f |
f |
|s 0161d6e2-edce-3517-99e9-5d58528e1bc7
|i 9d20a568-93bc-372b-8258-1dc24a7174a3
|t 0
|
| 952 |
f |
f |
|p ric
|a Texas A&M University
|b Rellis Campus
|c Joint Library Facility
|d Remote Storage
|t 0
|e BF723.M54 E48 1987
|h Library of Congress classification
|i unmediated -- volume
|m A14811503678
|
| 998 |
f |
f |
|a BF723.M54 E48 1987
|t 0
|l Remote Storage
|